Inspiring thoughts of Mahatma Gandhi : (Record no. 42093)

MARC details
000 -LEADER
fixed length control field 00825nam a22002177a 4500
005 - DATE AND TIME OF LATEST TRANSACTION
control field 20100816120053.0
010 ## - LCCN (DPL NO)
LC control number ENG-100608
020 ## - INTERNATIONAL STANDARD BOOK NUMBER
International Standard Book Number 9788180694417
Terms of availability 150.00
020 ## - INTERNATIONAL STANDARD BOOK NUMBER
International Standard Book Number 8180694410
Terms of availability 150.00
035 ## - SYSTEM CONTROL NUMBER
System control number EN-84141
037 ## - SOURCE OF ACQUISITION
Source of stock number/acquisition DBAD/PUB
082 ## - DEWEY DECIMAL CLASSIFICATION NUMBER
Classification number 301.153
100 ## - MAIN ENTRY--PERSONAL NAME
Personal name Mishra, Anil Dutta
245 ## - TITLE STATEMENT
Title Inspiring thoughts of Mahatma Gandhi :
Remainder of title Gandhi in daily life /
Statement of responsibility, etc by Anil Dutta Mishra [and] Ravi Gupta
260 ## - PUBLICATION, DISTRIBUTION, ETC. (IMPRINT)
Place of publication, distribution, etc New Delhi
Name of publisher, distributor, etc Concept Publishing
Date of publication, distribution, etc 2008
270 ## - ADDRESS
Address A-15-16, Commercial Block, Mohan Garden
City New Delhi
Postal code 110059
300 ## - PHYSICAL DESCRIPTION
Extent xviii,310p.
Dimensions 18cm (Hb)
700 ## - ADDED ENTRY--PERSONAL NAME
Personal name Gupta, Ravi
9 (RLIN) 13842
942 ## - ADDED ENTRY ELEMENTS (KOHA)
Source of classification or shelving scheme Dewey Decimal Classification
Item type English Books
Classification part 301.153
Call number suffix MIS
Holdings
Withdrawn status Lost status Not for loan Collection code Home library Current library Date acquired Source of acquisition Cost, normal purchase price Full call number Barcode Copy number Cost, replacement price Koha item type
    Not For Loan Non-fiction D.B.Act.Division D.B.Act.Division 16/08/2010 DBAD/PUB 150.00 301.153 MIS EN-84141 1 150.00 English Books

© Delhi Public Library
Hit Counter
free hit counter